Tostadora “La Fortuna” S. A., en la Fortuna, San Carlos, Alajuela, Costa Rica / (Record no. 220343)
[ view plain ]
| 000 -CABECERA | |
|---|---|
| campo de control de longitud fija | 01995nam a2200349 a 4500 |
| 003 - IDENTIFICADOR DEL NÚMERO DE CONTROL | |
| campo de control | Mxchpua |
| 005 - FECHA Y HORA DE LA ÚLTIMA TRANSACCIÓN | |
| campo de control | 20250122123506.0 |
| 007 - CAMPO FIJO DE DESCRIPCIÓN FÍSICA--INFORMACIÓN GENERAL | |
| campo de control de longitud fija | ta |
| 008 - DATOS DE LONGITUD FIJA--INFORMACIÓN GENERAL | |
| campo de control de longitud fija | 250120s2023 mx abdefs|||| 001 0 s d |
| 040 ## - FUENTE DE LA CATALOGACIÓN | |
| Centro catalogador/agencia de origen | mxchpua |
| 090 ## - LOCALMENTE ASIGNADO TIPO-LC NÚMERO DE CLASIFICACIÓN (OCLC); NÚMERO DE CLASIFICACIÓN LOCAL (RLIN) | |
| Número de clasificación (OCLC) (R) ; Numero de clasificación, CALL (RLIN) (NR) | T.C.938 |
| Número cutter local (OCLC) ; Número de libro/Signatura topográfica íntegra, CALL (RLIN) | F56 EIUPA |
| Año | 2023 |
| 245 10 - MENCIÓN DE TÍTULO | |
| Título | Tostadora “La Fortuna” S. A., en la Fortuna, San Carlos, Alajuela, Costa Rica / |
| Mención de responsabilidad, etc. | coordinadores Emmanuel Flores Girón y Alejandra Velázquez Castillo ; colaboradores Azucena Cortés García...[y otros] |
| 260 ## - PUBLICACIÓN, DISTRIBUCIÓN, ETC. | |
| Lugar de publicación, distribución, etc. | Chapingo, México : |
| Nombre del editor, distribuidor, etc. | El autor, |
| Fecha de publicación, distribución, etc. | 2023 |
| 300 ## - DESCRIPCIÓN FÍSICA | |
| Extensión | 1 recurso en línea (201 páginas) : |
| Otras características físicas | ilustraciones, mapas, gráficas, diagramas, tablas, fotos, planos |
| 336 ## - TIPO DE CONTENIDO | |
| Fuente | rdacontent |
| Término de tipo de contenido | Texto |
| Código de tipo de contenido | txt |
| 337 ## - TIPO DE MEDIO | |
| Fuente | rdamedia |
| Nombre/término del tipo de medio | computadora |
| Código del tipo de medio | c |
| 338 ## - TIPO DE SOPORTE | |
| Fuente | rdacarrier |
| Nombre/término del tipo de soporte | recurso en línea |
| Código del tipo de soporte | cr |
| 500 ## - NOTA GENERAL | |
| Nota general | Grado 7° ; Grupo 1 --<br/>Los planos están incluidos en el reporte |
| 502 ## - NOTA DE TESIS | |
| Nota de tesis | Viaje de Estudios |
| Tipo de título | (EIUPA) -- |
| Nombre de la institución que otorga el título | UACh. Departamento de Ingeniería Agroindustrial, |
| Año de obtención del título | 2023 |
| 504 ## - NOTA DE BIBLIOGRAFÍA, ETC. | |
| Nota de bibliografía, etc. | Bibliografía: páginas 143-149 |
| 505 0# - NOTA DE CONTENIDO CON FORMATO | |
| Nota de contenido con formato | 5 planos --<br/>1. Croquis de la Tostadora “La Fortuna” S. A. (Esc. 1:100) --<br/>2. Plano de Distribución de áreas dentro de la empresa (Esc. :100) --<br/>3. Plano de Distribución de equipos dentro de la empresa (Esc. 1:100) --<br/>4. Diagrama de recorrido del proceso (Esc. 1:100) --<br/>5. Plano de Nueva distribución de equipos |
| 650 10 - PUNTO DE ACCESO ADICIONAL DE MATERIA--TÉRMINO DE MATERIA | |
| Término de materia o nombre geográfico como elemento de entrada | Rodajas de fruta crujientes |
| 9 (RLIN) | 189842 |
| Subdivisión general | Industria y comercio |
| Subdivisión geográfica | Costa Rica |
| -- | Alajuela |
| 650 13 - PUNTO DE ACCESO ADICIONAL DE MATERIA--TÉRMINO DE MATERIA | |
| Término de materia o nombre geográfico como elemento de entrada | Rebanadas crujientes de plátano |
| 9 (RLIN) | 189840 |
| 650 13 - PUNTO DE ACCESO ADICIONAL DE MATERIA--TÉRMINO DE MATERIA | |
| Término de materia o nombre geográfico como elemento de entrada | Mandioca |
| 9 (RLIN) | 151901 |
| Subdivisión general | Bocados (comida) |
| 650 13 - PUNTO DE ACCESO ADICIONAL DE MATERIA--TÉRMINO DE MATERIA | |
| Término de materia o nombre geográfico como elemento de entrada | Fruit chips |
| 9 (RLIN) | 189843 |
| Subdivisión general | Industry and trade |
| Subdivisión geográfica | Costa Rica |
| -- | Alajuela |
| 650 13 - PUNTO DE ACCESO ADICIONAL DE MATERIA--TÉRMINO DE MATERIA | |
| Término de materia o nombre geográfico como elemento de entrada | Banana chips |
| 9 (RLIN) | 189841 |
| 650 13 - PUNTO DE ACCESO ADICIONAL DE MATERIA--TÉRMINO DE MATERIA | |
| Término de materia o nombre geográfico como elemento de entrada | Cassava |
| 9 (RLIN) | 151900 |
| Subdivisión general | Snack foods |
| 700 1# - PUNTO DE ACCESO ADICIONAL--NOMBRE DE PERSONA | |
| Nombre de persona | Flores Girón, Emmanuel |
| 9 (RLIN) | 161718 |
| Término indicativo de función/relación | coordinador |
| 700 1# - PUNTO DE ACCESO ADICIONAL--NOMBRE DE PERSONA | |
| Nombre de persona | Velázquez Castillo, Alejandra |
| 9 (RLIN) | 118517 |
| Término indicativo de función/relación | coordinadora |
| 700 1# - PUNTO DE ACCESO ADICIONAL--NOMBRE DE PERSONA | |
| Nombre de persona | Cortés García, Azucena |
| 9 (RLIN) | 189107 |
| Término indicativo de función/relación | colaboradora |
| 856 40 - LOCALIZACIÓN Y ACCESO ELECTRÓNICOS | |
| Identificador Uniforme del Recurso | <a href="http://10.13.5.2/ve/TC938_EIUPA/TC938_EIUPA_2023-REPORTE.pdf">http://10.13.5.2/ve/TC938_EIUPA/TC938_EIUPA_2023-REPORTE.pdf</a> |
| Texto de enlace | DESCARGAR REPORTE |
| Estado de retiro | Estado de pérdida | Fuente del sistema de clasificación o colocación | Estado dañado | No para préstamo | Código de colección | Localización permanente | Ubicación/localización actual | Ubicación en estantería | Fecha de adquisición | Fuente de adquisición | Total de préstamos | Signatura topográfica completa | Código de barras | Fecha visto por última vez | Precio válido a partir de | Tipo de ítem Koha |
|---|---|---|---|---|---|---|---|---|---|---|---|---|---|---|---|---|
| Clasificación Universidad Autónoma de Chapingo | Viajes de estudio - En línea | Ingenieria Agroindustrial | Ingenieria Agroindustrial | En línea | 20/01/2025 | El autor | T.C.938 F56 EIUPA 2023 | 1206015153 | 20/01/2025 | 20/01/2025 | Viajes de Estudio - En línea |
